00872nam a22001097a 4500008004100000100001900041245003900060260001200099300003000111520060900141773001200750231005b ||||| |||| 00| 0 eng d aSharma, Rekha  aWomen empowerment: Recent reforms  aYojana  a67(9), Sep, 2023: p.57-61 aCombating violence, ending child marriage, promoting political and economic empowerment, safeguarding sexual and reproductive health rights, protecting land rights, and implementing gender-responsive budgeting are crucial steps towards achieving gender equality. It is only through collective efforts, involving governments, civil society, and individuals, that we can create a more equal table and inclusive world for women. The Supreme court of India’s recently relapsed handbook on combating gender stenotypes will give a fresh impetus to the quest towards a gender-just legal order. – Reproduced  aYojana